|
003 -Nazwa inst., której nr kontr. jest w polu 001 [,]
|
-
- @
- Nazwa instytucji, której n kontrolny jest w polu 001
- NUKAT
|
|
005 -DATA I CZAS OSTATNIEJ MODYFIKACJI [,]
|
-
- @
- pole kontrolne
- 20180713013300.0
|
|
020 -Międzynarod. znormalizowany nr książki - ISBN [ , ]
|
-
- a
- Numer ISBN
- 9788389631749
-
|
|
020 -Międzynarod. znormalizowany nr książki - ISBN [ , ]
|
-
- a
- Numer ISBN
- 9788373188778
-
|
|
040 -Instytucja sporządzająca opis [ , ]
|
-
- a
- Instytucja, która sporządziła opis (NP)
- KR U/46EG
-
- c
- Instytucja, która sporządziła rekord (NP)
- KR U/46EG
-
- d
- Instytucja, która zmodyfikowała rekord (P)
- KR 295/MAGs
-
- d
- Instytucja, która zmodyfikowała rekord (P)
- WR O/ZWs
-
- d
- Instytucja, która zmodyfikowała rekord (P)
- KR U/42KJs
|
|
942 -Rodzaj dokumentu [ , ]
|
-
- c
- Rodzaj dokumentu
- Książka
|
|
080 -Uniwersalna Klasyfikacja Dziesiętna [ , ]
|
-
- 2
- Identyfikator wydania tablic
- UDC-P058 ; UDC-P022
-
- a
- Symbol klasyfikacji
- 159.922
-
- b
- Dopowiedzenie
- Właściwości życia psychicznego. Świadomość. Psychologia rozwojowa.
-
- x
- Poddział wspólny
- -056.24
-
- b
- Dopowiedzenie
- -Chorzy. Rekonwalescenci.
-
-
- b
- Dopowiedzenie
- (Wydawnictwa odnoszące się do konferencji, zjazdów itd. Sprawozdania z konferencji).
|
|
080 -Uniwersalna Klasyfikacja Dziesiętna [ , ]
|
-
- 2
- Identyfikator wydania tablic
- UDC-P058 ; UDC-P022
-
- a
- Symbol klasyfikacji
- 616.8
-
- b
- Dopowiedzenie
- Neurologia. Choroby układu nerwowego.
-
-
- b
- Dopowiedzenie
- (Wydawnictwa odnoszące się do konferencji, zjazdów itd. Sprawozdania z konferencji).
|
|
080 -Uniwersalna Klasyfikacja Dziesiętna [ , ]
|
-
- 2
- Identyfikator wydania tablic
- UDC-P058 ; UDC-P022
-
- a
- Symbol klasyfikacji
- 165
-
- b
- Dopowiedzenie
- Teoria poznania. Epistemologia. Zadania i cele poznania. Prawdziwość poznania. Warunki, źródła i rodzaje poznania. Przedmiot, zakres i granice poznania. Stanowiska i kierunki w teorii poznania. Racjonalizm. Irracjonalizm. Intuicjonizm. Filozofia wiary. Tradycjonalizm. Mistycyzm. Filozofia uczucia. Empiryzm. Sensualizm. Psychologizm. Krytycyzm. Dogmatyzm. Sceptycyzm. Nihilizm. Relatywizm. Nominalizm. Pozytywizm. Agnostycyzm. Pragmatyzm. Humanizm. Strukturalizm. Subiektywizm. Realizm teoriopoznawczy. Fenomenologia.
-
-
- b
- Dopowiedzenie
- (Wydawnictwa odnoszące się do konferencji, zjazdów itd. Sprawozdania z konferencji).
|
|
650 -Hasło przedmiotowe [ , ]
|
-
- a
- Hasło przedmiotowe
- Tożsamość (psychologia)
-
- v
- Określnik formalny
- konferencje.
-
|
|
980 -Symbol UKD [ , ]
|
-
- a
- UKD
- 159.922-056.24:616.8:165](061)
|
|
700 -Hasło dodatkowe - nazwa osobowa [1, ]
|
-
- a
- Nazwa osobowa (NP)
- Pąchalska, Maria
-
- d
- Daty biograficzne (NP)
- (1949- ).
-
- e
- Określenie rodzaju współpracy
- Red.
-
|
|
700 -Hasło dodatkowe - nazwa osobowa [1, ]
|
-
- a
- Nazwa osobowa (NP)
- Grochmal-Bach, Bożena
-
- d
- Daty biograficzne (NP)
- (1942- ).
-
- e
- Określenie rodzaju współpracy
- Red.
-
|
|
700 -Hasło dodatkowe - nazwa osobowa [1, ]
|
-
- a
- Nazwa osobowa (NP)
- MacQueen, Bruce.
-
- e
- Określenie rodzaju współpracy
- Red.
|
|
710 -Hasło dodatkowe - nazwa ciała zbiorowego [2, ]
|
-
- a
- Nazwa ciała zbiorowego lub nazwa geograficzna jako pierwszy element (NP)
- Wydawnictwo WAM (Kraków).
-
-
|
|
711 -Hasło dodatkowe - nazwa imprezy [2, ]
|
-
- a
- Nazwa imprezy (NP)
- Międzynarodowy Kongres Polskiego Towarzystwa Neuropsychologicznego
-
-
- d
- Data imprezy (NP)
- 2004 ;
-
- c
- Miejsce imprezy (NP)
- Kraków).
|
|
711 -Hasło dodatkowe - nazwa imprezy [2, ]
|
-
- a
- Nazwa imprezy (NP)
- Konferencja Psychologiczno-Pedagogiczna pt. "Tożsamość Człowieka z Perspektywy Interdyscyplinarnej"
-
-
- d
- Data imprezy (NP)
- 2004 ;
-
- c
- Miejsce imprezy (NP)
- Kraków).
|